000 00379nam a2200133Ia 4500
008 151001s9999||||xx |||||||||||||| ||und||
100 _aनर्मदा इंदूरखा
245 _aस्कूल चले हम
250 _a1
260 _bराकेश साहित्य भांडार
260 _c2008
300 _a16
365 _b21
999 _c992547
_d992544